000 00655cam a22002413a 4500
001 30946
003 PGUSA
005 20140828083653.0
008 100112s2010||||xxu|||||s|||||000 1 eng d
040 _aPGUSA
_beng
042 _adc
050 4 _aPQ
100 1 _aBuffenoir, Hippolyte,
_d1847-1928
245 1 0 _aAmôres d'um deputado
_h[electronic resource] /
_cHippolyte Buffenoir
260 _bProject Gutenberg,
_c2010
506 _aPublic domain in the USA.
516 _aElectronic text
653 _aFiction
700 1 _aFerreira, A.
830 0 _aProject Gutenberg
_v30946
856 4 0 _uhttp://www.gutenberg.org/ebooks/30946
942 _cEB
999 _c260201
_d260201